Arctic Monkeys Lyrics - I Wanna Be Yours - Statistics

General Stats
  • This quiz has been taken 1,076 times
  • The average score is 211 of 237
Answer Stats
Lyrics % Correct
be
100%
be)
100%
I
100%
wanna
100%
Wanna
100%
(Wanna
100%
you
100%
You
100%
your
100%
yours
97%
yours)
97%
in
96%
cleaner
93%
just
93%
dust
88%
vacuum
88%
the
87%
me
85%
my
85%
never
85%
coffee
84%
have
84%
heart
84%
Let
83%
Secrets
83%
held
81%
If
81%
like
81%
to
81%
hot
80%
pot
80%
Breathin'
79%
Maybe
79%
thought
79%
than
78%
will
78%
Are
77%
babe
77%
harder
77%
rust
77%
Ford
74%
call
73%
shots,
72%
hide
71%
as
65%
Cortina
65%
deep
65%
deep?)
65%
Ocean
65%
Pacific
65%
At
62%
least
59%
out
59%
devotion
58%
I'll
57%
run
57%
heater
56%
Hold
56%
An'
55%
portable
54%
cold
51%
lotion
51%
That
51%
without
48%
(How
45%
meter
44%
you'll
43%
get
42%
setting
41%
hair
39%
'leccy
28%
No matching quizzes found
Score Distribution
Percent of People with Each Score
Percentile by Number Answered
Your Score History
You have not taken this quiz